Tabaquismo en Argentina. (Registro nro. 2168)

Detalles MARC
000 -LEADER
fixed length control field 01546nam a2200301 a 4500
005 - FECHA ULTIMA MODIFICACION
control field 20240521090322.0
008 - CAMPO DE CONTROL (LIBRO)
fixed length control field 100318t2005||||ag a f |||| 001 0 spa d
020 ## - INTERNATIONAL STANDARD BOOK NUMBER
ISBN 9874390654
041 ## - CODIGO DE IDIOMA
Código de idioma del texto/pista de sonido o título separado spa
092 ## - SIGNATURA TOPOGRAFICA DEWEY LOCAL
número de clasificación 616.86
libristica 67
sección PIT
100 1# - ENTRADA PRINCIPAL--NOMBRE PERSONAL
Nombre personal Pitarque, Raúl
9 (RLIN) 3756
245 ## - TITULO PROPIAMENTE DICHO
Título Tabaquismo en Argentina.
Subtítulo y Título paralelo Enfermedad, discapacidad y muerte /
Mención de responsabilidad y remanente de la transcripción de la portada Raúl Pitarque
250 ## - MENCION DE EDICION
Mención de edición 1a ed.
260 ## - PIE DE IMPRENTA
Lugar de publicación, distribución, etc Buenos Aires:
Nombre de la editorial, distribuidor, etc UATA ; OPS;
Fecha de publicación 2005.
300 ## - DESCRIPCION FISICA
Extension 182 p.
500 ## - NOTA GENERAL
Nota general Pitarque, R. (2005). Tabaquismo en Argentina. Enfermedad, discapacidad y muerte. (1a ed.). Buenos Aires : UATA ; OPS.
653 ## - TÉRMINO INDIZADO - PALABRAS CLAVES
Palabra clave Control del tabaquismo en Argentina
653 ## - TÉRMINO INDIZADO - PALABRAS CLAVES
Palabra clave Mortalidad anual atribuible al tabaco en Argentina, año 2009
653 ## - TÉRMINO INDIZADO - PALABRAS CLAVES
Palabra clave Mortallidad atribuible al tabaquismo en Argentina. Analisis de tendencia 1990-2000
653 ## - TÉRMINO INDIZADO - PALABRAS CLAVES
Palabra clave Estimulación de mortalidad prematura relacionada con el tabaco y años de vida perdidos ajustados por discapacidad (AVAD) para el año 2020, en Argentina
653 ## - TÉRMINO INDIZADO - PALABRAS CLAVES
Palabra clave Productividad perdida en Argentina por la mortalidad atribuible al tabaco en adultos
653 ## - TÉRMINO INDIZADO - PALABRAS CLAVES
Palabra clave Tabaquismo pasivo
653 ## - TÉRMINO INDIZADO - PALABRAS CLAVES
Palabra clave Contaminación ambiental con nicotina en la Ciudad Autonoma de Buenos Aires, año 2002
653 ## - TÉRMINO INDIZADO - PALABRAS CLAVES
Palabra clave Contrabando en Argentina: antecedentes y situación actual
653 ## - TÉRMINO INDIZADO - PALABRAS CLAVES
Palabra clave Promoción del tabaco y de la imgen de las tabacaleras en Argentina: historias repetidas
653 ## - TÉRMINO INDIZADO - PALABRAS CLAVES
Palabra clave Convenio Marco de la Organización Mundial de la Salud para el control del Tabaco y la Legislación Argentina
942 ## - ADDED ENTRY ELEMENTS (KOHA)
Source of classification or shelving scheme Dewey Decimal Classification
Item type Libros
Existencias
Estado de retiro Existencia Fuente de clasificación Estado general No para prestamo Ubicación permanente ubicación actual Sala de ubicación Fecha de adquisición Fuente de adquisición Total Checkouts Número de clasificación Código de barras Date last seen Número de ejemplar Price effective from Koha tipo de elemento (item) Public note
    Dewey Decimal Classification     Biblioteca Medicina Biblioteca Medicina Circulación 30/06/2015 Donación Manuel Ciruzzi, Junio 2015   616.86 67 PIT 3504 30/06/2015 Ej.1 30/06/2015 Libros Donación Manuel Ciruzzi, Junio 2015

UNIVERSIDAD NACIONAL DEL COMAHUE
Biblioteca de la Facultad de Ciencias Médicas
Sede Toschi: Los Arrayanes y Av. Toschi, Cipolletti  - Rio Negro
Sede Los Tordos:  Yrigoyen al 2211, Cipolletti - Rio Negro 

Teléfono: 0299 - 4774707 int 25
Contacto: biblioteca@facimed.uncoma.edu.ar
© 2011 - 2026